Catálogo

Vista normal Vista MARC

Entrada Personal Name

Número de registros utilizados en: 3

001 - CONTROL NUMBER

  • control field: 5904

003 - CONTROL NUMBER IDENTIFIER

  • control field: OSt

005 - DATE AND TIME OF LATEST TRANSACTION

  • control field: 20211019084255.0

008 - FIXED-LENGTH DATA ELEMENTS

  • fixed length control field: 171004 a|ac|n|aab||||||||||||a |n|||||||

010 ## - LIBRARY OF CONGRESS CONTROL NUMBER

  • LC control number: 50048566

040 ## - CATALOGING SOURCE

  • Original cataloging agency: DLC
  • Language of cataloging: spa
  • Description conventions: rda
  • Transcribing agency: Mx-PuUPA
  • Modifying agency: Mx-PuUPA

046 ## - SPECIAL CODED DATES

  • Birth date: 19211203
  • Death date: 20031003

100 1# - HEADING--PERSONAL NAME

  • Personal name: Kirk, G. S. ,
  • Dates associated with a name: 1921-2003
  • Fuller form of name: (Geoffrey Stephen),

370 ## - ASSOCIATED PLACE

  • Place of birth: Nottingham, Reino Unido
  • Place of death: Cambridge, Reino Unido

372 ## - FIELD OF ACTIVITY

  • Field of activity: Filología clásica

374 ## - OCCUPATION

  • Occupation: Autor

375 ## - GENDER

  • Gender: hombre

377 ## - ASSOCIATED LANGUAGE

  • Language code: spa

400 1# - SEE FROM TRACING--PERSONAL NAME

  • Personal name: Kirk, Geoffrey Stephen
  • Dates associated with a name: 1921-2003

400 1# - SEE FROM TRACING--PERSONAL NAME

  • Personal name: Kirk, Geoffrey Stephen,
  • Dates associated with a name: 1921-2003

670 ## - SOURCE DATA FOUND

  • Source citation: Biblioteca del congreso (Estados Unidos), 4 de octubre de 2017:
  • Information found: catálogo electrónico:
  • Uniform Resource Identifier: https://goo.gl/iE3mdD

670 ## - SOURCE DATA FOUND

  • Source citation: Los filósofos presocráticos, 2008:
  • Information found: portada (g. S. Kirk)

670 ## - SOURCE DATA FOUND

  • Source citation: Heraclitus, of Ephesus.
  • Information found: The cosmic fragments, 1954.

670 ## - SOURCE DATA FOUND

  • Source citation: His A commentary on the Iliad, 1984-:
  • Information found: v. 1, CIP t.p. (G.S. Kirk)

670 ## - SOURCE DATA FOUND

  • Source citation: Information from 678 converted Jan. 5, 2015
  • Information found: (b. 1921)

678 ## - BIOGRAPHICAL OR HISTORICAL DATA

  • Biographical or historical data: Geoffrey Stephen Kirk (3 de diciembre de 1921 – 10 de marzo de 2003) fue un estudioso de origen británico, especializado en filología clásica. Se le conoce por sus obras sobre literatura y mitología de la Grecia antigua. Biografía Se educó en la Rossall School y el Clare College de Cambridge. Su etapa en Cambridge se interrumpió por su servicio militar en la Royal Navy, gran parte del cual realizó en el mar Egeo y obteniendo la medalla DSC (Distinguished Service Cross). Regresó y se graduó en 1946. Obtuvo una beca de investigación en el Trinity Hall (Cambridge), convirtiéndose después en lecturer y reader en Cambridge. Allí fue nombrado en 1974 como el 35º Regius Professor of Greek, uno de los puestos más prestigiosos y antiguos de la Universidad de Cambridge. Se jubiló en 1982.